| 000 | 00561nam a22002057a 4500 | ||
|---|---|---|---|
| 003 | UA-OsUOA | ||
| 001 | 43533 | ||
| 007 | ta | ||
| 008 | 20090908b un ||||| |||| 00| 0 ukr d | ||
| 090 | _a017 | ||
| 942 | _cBK | ||
| 040 |
_aUA-OsUOA _beng _cUA-OsUOA _dUA-OsUOA |
||
| 245 |
_aOfficial Register of Harvard University. 1972 Harvard Summer School _b1972: January 31, 1972. No.1 |
||
| 300 | _a190 с. | ||
| 955 | _a4 | ||
| 041 | _aeng | ||
| 080 | _a017 | ||
| 650 | 7 |
_a01 Бібліографія і бібліографії. Каталоги _2UDC |
|
| 999 |
_c442009 _d442009 |
||